| 000 | 00575nam a22001817a 4500 | ||
|---|---|---|---|
| 005 | 20151105155739.0 | ||
| 008 | 151105b ag||||| |||| 00| 0 spa d | ||
| 020 | _a9502017307 | ||
| 050 | 0 | 4 |
_aK 294 _bC37 2006 |
| 100 | 1 | _aCarrió, Genaro R. | |
| 245 | 1 | 0 |
_aNotas sobre derecho y lenguaje / _cGenaro R. Carrió, |
| 250 | _aQuinta edición: 2006 | ||
| 260 |
_aBuenos Aires, Argentina : _bAbeledo-Perrot, _c2006. |
||
| 300 |
_a416 paginas, _c23 X 16 centímetros, |
||
| 504 | _aIncluye: Indices | ||
| 650 | 7 |
_2Lemb _aFilosofía _xTeoría del Derecho |
|
| 942 |
_2lcc _cLIB |
||
| 999 |
_c107539 _d107539 |
||